000 00530nam a2200181Ia 4500
999 _c3690
_d3690
003 GBCCL
005 20241126110501.0
008 171201b xxu||||| |||| 00| 0 eng d
040 _cgbc
082 _aVER 231.044
_bPAU
100 _aPau, Thang D. L. Mung
_97311
245 _aTrinity:
_bA Lamdang Pasian pianzia /
_cThang D. L. Pau Mung
260 _aAizawl:
_bSintong International Ministries
300 _a79p.;
_bill.,
_c20 cm.
440 _aSiantong Theological Series
_v1
_97313
650 _aTrinity
_97312
942 _2ddc
_cBK
_02